| 000 | 00000nam##2200000za#4500 |
| 001 | 9.600339 |
| 003 | CaOODSP |
| 005 | 20210624205529 |
| 007 | cr ||||||||||| |
| 008 | 150406|2000||||xxc|||||o f|0| 0 fre|d |
| 040 | |aCaOODSP|bfre |
| 043 | |an-cn--- |
| 086 | 1 |aBT31-4/62-2000F-PDF |
| 110 | 1 |aCanada. |bConseil du trésor. |
| 245 | 10|aBureau du surintendant des institutions financières Canada, rapport sur le rendement pour la période se terminant le 31 mars 2000 |h[ressource électronique] |
| 246 | 3 |aBureau du surintendant des institutions financières Canada, rapport sur le rendement pour la période terminée le 31 mars 2000 |
| 260 | |aOttawa - Ontario : |bSecrétariat du Conseil du Trésor du Canada |cc2000. |
| 300 | |a32p.|btableaux |
| 490 | 1 |aRapport sur le rendement pour la période se terminant le 31 mars 2000 |vPour la période se terminant le 31 mars 2000 |
| 500 | |aLe n° de catalogue (BT31-4/62-2000) et l’ISBN (0-660-61379-4) de l'édition imprimée bilingue ont été incorrectement copiés dans cette édition électronique. |
| 590 | |a11-04-Supp|b2011-02-17 |
| 775 | 08|tOffice of the Superintendent of Financial Institutions Canada, performance report for the period ending March 31, 2000 |w(CaOODSP)9.569098 |
| 776 | 0#|tOffice of the Superintendent of Financial Institutions Canada |w(CaOODSP)9.532524 |
| 776 | 0#|tBureau du surintendant des institutions financières Canada |w(CaOODSP)9.532525 |
| 830 | #0|aRapport sur le rendement pour la période se terminant le 31 mars 2000 ;|vPour la période se terminant le 31 mars 2000|w(CaOODSP)9.502702 |
| 856 | 40|ahttp://publications.gc.ca|qPDF|s198 Ko|uhttps://publications.gc.ca/collections/Collection/BT31-4-62-2000F.pdf|yPour la période se terminant le 31 mars 2000 |